000 00592cam a2200193 a 4500
001 000009883
005 20200929161739.0
008 980423s1997 gt 001 p spa
040 _aDO-SdBNP
_bspa
_cBNPHU
082 _aG861.44
_aM538b
100 1 _aMéndez Vides, Adolfo,
_d1956-
_924816
245 1 0 _aBabel o las batallas /
_cMéndez Vides.
260 _aGuatemala :
_bCultura,
_c1997.
300 _a161 p. ;
_c22 cm.
490 1 _aPoesía Guatemalteca Siglo XX
_vno. 14
490 1 _aRafaek Kandívar
_v14
650 4 _aPoesía guatemalteca
_914068
650 4 _aLiteratura guatemalteca
_95393
999 _c9642
_d9642